000 00367nam a2200133Ia 4500
005 20260328104307.0
008 260328s9999||||xx |||||||||||||| ||und||
100 _aGarcía, Jose R.
245 0 _aAsudios de Arquitectura Bioclimática /
_cJose R. García
260 _bUniversidad Autónoma Metropolitana
300 _a137 p.
650 _aARQUITECTURA
942 _cBK
999 _c10822
_d10822